Countries in Africa - Sudden Death - Statistics

General Stats
  • This quiz has been taken 117 times
  • The average score is 9 of 10
Answers on the Grid
Answers color-coded by a green-red scale on the quiz's grid according to % correct below.
India
Somalia
Sudan
Italy
Liechtenstein
Togo
Bahamas
Benin
Chad
Bolivia
Kiribati
Sweden
Albania
Venezuela
D.R. Congo
Burundi
Estonia
Egypt
Mauritania
Lesotho
 
Answer Stats
Answer % Correct
Chad
98%
Somalia
98%
Sudan
95%
Togo
95%
Benin
93%
D.R. Congo
92%
Egypt
91%
Lesotho
88%
Mauritania
87%
Burundi
85%
No matching quizzes found
Score Distribution
Percent of People with Each Score
Percentile by Number Answered
Your Score History
You have not taken this quiz